000 00361nam a2200133Ia 4500
008 151001s9999||||xx |||||||||||||| ||und||
100 _aLipi Ghosh
245 _aWomen Across Asia
250 _a1
260 _bGyan Publishing House
260 _c2008
300 _a291
365 _b21
999 _c989855
_d989852